Statistics for Five Biggest Countries Containing Letter 'A' by Continent

Click here to take the quiz!

General Stats

  • This quiz has been taken 1,262 times
    (1,233 since last reset)
  • The average score is 26 of 30

Answer Stats

ContinentCountry% Correct
Oceania7,692,024Australia
97%
North America9,984,670Canada
96%
Europe3,960,000Russia
96%
Asia13,145,000Russia
96%
North America9,525,067United States
96%
South America2,780,400Argentina
95%
Asia9,572,900China
95%
South America8,515,767Brazil
94%
Africa2,381,741Algeria
94%
Europe640,679France
93%
Oceania270,467New Zealand
93%
Asia3,287,263India
90%
Europe505,992Spain
89%
South America1,141,748Colombia
89%
South America916,445Venezuela
86%
Oceania462,840Papua New Guinea
86%
Europe357,114Germany
86%
Europe603,500Ukraine
85%
South America1,098,581Bolivia
85%
Asia2,724,900Kazakhstan
82%
North America108,889Guatemala
78%
North America130,373Nicaragua
78%
Africa1,886,068Sudan
76%
Africa1,284,000Chad
75%
Africa1,759,540Libya
75%
Africa2,344,858DR Congo
75%
North America112,492Honduras
74%
Asia2,149,690Saudi Arabia
74%
Oceania28,896Solomon Islands
69%
Oceania12,189Vanuatu
63%

Score Distribution

Percentile by Number Answered

Percent of People with Each Score

Your Score History

You have not taken this quiz since the last reset